<?xml version="1.0" encoding="UTF-8"?>
<collection xmlns:xsi="http://www.w3.org/2001/XMLSchema-instance" xsi:schemaLocation="http://www.loc.gov/MARC21/slim http://www.loc.gov/standards/marcxml/schema/MARC21slim.xsd" xmlns="http://www.loc.gov/MARC21/slim">
 <record>
  <leader>00000ctm a22000003a 4500</leader>
  <controlfield tag="001">UP-99796217613958289</controlfield>
  <controlfield tag="003">Buklod</controlfield>
  <controlfield tag="005">20250929155115.0</controlfield>
  <controlfield tag="006">m    |o  d |      </controlfield>
  <controlfield tag="007">ta</controlfield>
  <controlfield tag="008">250929s2020    xx      r    |||| u|    |</controlfield>
  <datafield tag="035" ind1=" " ind2=" ">
   <subfield code="a">(iLib)UPD-00536371599</subfield>
  </datafield>
  <datafield tag="040" ind1=" " ind2=" ">
   <subfield code="a">DARC</subfield>
   <subfield code="e">rda</subfield>
  </datafield>
  <datafield tag="041" ind1=" " ind2=" ">
   <subfield code="a">eng</subfield>
  </datafield>
  <datafield tag="090" ind1=" " ind2=" ">
   <subfield code="a">LG 993.5 2020 A7</subfield>
   <subfield code="b">L49</subfield>
  </datafield>
  <datafield tag="100" ind1="1" ind2=" ">
   <subfield code="a">Leyran, Jeromira Luz V.</subfield>
   <subfield code="e">author.</subfield>
  </datafield>
  <datafield tag="245" ind1="1" ind2="0">
   <subfield code="a">The Alfonso Coffee+cacao Central</subfield>
   <subfield code="b">a production, development, and marketing complex</subfield>
   <subfield code="c">Jeromira Luz V. Leyran ; Jose Danilo A. Silvestre, adviser.</subfield>
  </datafield>
  <datafield tag="264" ind1=" " ind2="1">
   <subfield code="a">Quezon City</subfield>
   <subfield code="b">College of Architecture, University of the Philippines Diliman</subfield>
   <subfield code="c">June 2020.</subfield>
  </datafield>
  <datafield tag="300" ind1=" " ind2=" ">
   <subfield code="a">86 leaves </subfield>
   <subfield code="b">illustrations (some color)</subfield>
   <subfield code="c">28 cm.</subfield>
  </datafield>
  <datafield tag="336" ind1=" " ind2=" ">
   <subfield code="a">text</subfield>
   <subfield code="2">rdacontent</subfield>
  </datafield>
  <datafield tag="337" ind1=" " ind2=" ">
   <subfield code="a">unmediated</subfield>
   <subfield code="2">rdamedia</subfield>
  </datafield>
  <datafield tag="338" ind1=" " ind2=" ">
   <subfield code="a">volume</subfield>
   <subfield code="2">rdacarrier</subfield>
  </datafield>
  <datafield tag="502" ind1=" " ind2=" ">
   <subfield code="a">Thesis (Bachelor of Science in Architecture) -- University of the Philippines Diliman</subfield>
   <subfield code="d">June 2020.</subfield>
  </datafield>
  <datafield tag="520" ind1="3" ind2=" ">
   <subfield code="a">The project's main agenda of security -- providing a certain degree of certainty by transcending the inevitability of urbanization -- serves as the driving force of the study.  As Alfonso, Cavite is in state of uncertainty -- an agricultural town in the threat of rapidly transforming and acclimating to an urbanized setting, yet at the same time unready and struggling to keep up with this speedy change -- the agenda of security encompasses the need of a solution for the uncertain situation of the agriculture industry of Alfonso.  Through this agenda, architecture can provide the means to transcend the impending urbanization of Alfonso by tapping into the underutilized potential of agriculture -- specifically, its coffee and cocoa industry, by creating spaces that provide support and showcase the process involved in coffee and cocoa from the tree to the table, and is distinctive of Alfonso's agricultural heritage and character.  the ALFONSO COFFEE + CACAO CENTRAL provides a solution to the urban problem faced by  the locale by providing spaces for production, development, and marketing Alfonso's coffee and cacao products.  The design vision for this spatial intervention is to create a visible, continuous, and experiential structure -- a &quot;visible&quot; space that sparks recognition of a ubiquitous product yet somehow unique to the locale, and at the same time a continuous structure in the sense that circulation and spaces are efficient, all the while providing a sensorial experience to all of its users.  By focusing on honing and leveraging existing strengths -- the coffee and cocoa industry -- within the Alfonso, it would be able to provide a solution to urban problem that exist within the locale.</subfield>
  </datafield>
  <datafield tag="650" ind1=" " ind2="0">
   <subfield code="a">Agriculture industry.</subfield>
  </datafield>
  <datafield tag="650" ind1=" " ind2="0">
   <subfield code="a">Cocoa industry</subfield>
   <subfield code="z">Alfonso, Cavite.</subfield>
  </datafield>
  <datafield tag="650" ind1=" " ind2="0">
   <subfield code="a">Coffee industry</subfield>
   <subfield code="z">Alfonso, Cavite.</subfield>
  </datafield>
  <datafield tag="700" ind1="1" ind2=" ">
   <subfield code="a">Silvestre, Jose Danilo A.</subfield>
   <subfield code="e">thesis adviser.</subfield>
  </datafield>
  <datafield tag="842" ind1=" " ind2=" ">
   <subfield code="a">Thesis</subfield>
  </datafield>
  <datafield tag="905" ind1=" " ind2=" ">
   <subfield code="a">FI</subfield>
  </datafield>
  <datafield tag="852" ind1="0" ind2=" ">
   <subfield code="a">UPD</subfield>
   <subfield code="b">DARC</subfield>
   <subfield code="h">LG 993.5 2020 A7</subfield>
   <subfield code="i">L49</subfield>
  </datafield>
  <datafield tag="942" ind1=" " ind2=" ">
   <subfield code="a">Thesis</subfield>
  </datafield>
 </record>
</collection>
